Marketing und ausgewählte Themen der Weltwirtschaft

Gespeichert in:
Bibliographische Detailangaben
1. Verfasser: Kočišová, Zuzana, 1956-
Körperschaft: Ekonomická univerzita v Bratislave. Fakulta aplikovaných jazykov
Weitere Verfasser: Paté, Magdaléna, 1980-, Hahn, Richard, Ondrčková, Eva
Format: Buch
Sprache:Deutsch
Slowakisch
Veröffentlicht: Bratislava Vydavateľstvo EKONÓM 2018
Ausgabe:1. vydanie
Schlagworte:
Tags: Tag hinzufügen
Keine Tags, Fügen Sie das erste Tag hinzu!

MARC

LEADER 00000nam a2200000 4500
001 0248087
005 20240502073952.3
020 |a 978-80-225-4510-5 
041 0 |a ger 
041 0 |a slo 
044 |a SK 
245 1 0 |a Marketing und ausgewählte Themen der Weltwirtschaft  |c Zuzana Kočišová, Magdaléna Paté ; recenzenti: Richard Hahn, Eva Ondrčková 
250 |a 1. vydanie 
264 1 |a Bratislava  |b Vydavateľstvo EKONÓM  |c 2018 
300 |a 130 s. [7,59 AH] 
610 2 0 |a jazykoveda 
610 2 0 |a terminológia 
610 2 0 |a jazyky cudzie 
610 2 0 |a nemčina 
610 2 0 |a marketing 
610 2 0 |a hospodárstvo svetové 
100 1 |a Kočišová, Zuzana, 1956- 
700 1 |a Paté, Magdaléna, 1980- 
700 1 |a Hahn, Richard 
700 1 |a Ondrčková, Eva 
710 2 |a Ekonomická univerzita v Bratislave. Fakulta aplikovaných jazykov